Fundamentals Of Algorithmics (Record no. 23280)

000 -LEADER
fixed length control field 00221nam a22000977a 4500
100 ## - MAIN ENTRY--PERSONAL NAME
Personal name Brassard, Gilles
245 ## - TITLE STATEMENT
Title Fundamentals Of Algorithmics
260 ## - PUBLICATION, DISTRIBUTION, ETC.
Place of publication, distribution, etc. New Delhi
Name of publisher, distributor, etc. Prentice- Hall
Date of publication, distribution, etc. 2004
300 ## - PHYSICAL DESCRIPTION
Extent 524
Other physical details PB
942 ## - ADDED ENTRY ELEMENTS (KOHA)
Koha item type Book
Holdings
Withdrawn status Lost status Damaged status Not for loan Permanent Location Current Location Shelving location Date acquired Source of acquisition Cost, normal purchase price Full call number Barcode Date last seen Price effective from Koha item type Total Checkouts
        Central Library (CL) Central Library (CL) First Floor - Software Engineering/ Programming Language 03/07/2013 Saeed Book Bank 367.00 005.1 BRA RCMS000266 03/07/2013 01/05/2017 Book  
        NUST Baluchistan Campus (NBC) NUST Baluchistan Campus (NBC) General Stacks 03/07/2013 Saeed Book Bank 367.00 005.1 BRA RCMS000112 03/07/2013 01/05/2017 Book  
        NUST Baluchistan Campus (NBC) NUST Baluchistan Campus (NBC) General Stacks 03/07/2013 Saeed Book Bank 367.00 005.1 BRA RCMS000265 03/07/2013 01/05/2017 Book  
© 2023 Central Library, National University of Sciences and Technology. All Rights Reserved.